| 000 | 00428nam a2200181Ia 4500 | ||
|---|---|---|---|
| 008 | 210210b1957 xxu||||| |||| 00| 0 eng d | ||
| 041 | _aeng | ||
| 082 | _a535/96 | ||
| 100 | _aOWEN(David) | ||
| 245 | _aAlternating current measurements | ||
| 260 |
_aLondon _bMethuen Co Ltd. _c1957 |
||
| 300 | _a120 | ||
| 650 | _ameasurements | ||
| 650 | _acurrent | ||
| 650 | _aAlternating | ||
| 690 | _aElectricity | ||
| 906 | _a008714 | ||
| 999 |
_c126649 _d126649 |
||